Stemmi Squadre di calcio - UEFA - Quiz n°20 - Statistics

Statistiche generali
  • Questo quiz è stato fatto 165 volte
  • Il punteggio medio è 8 su 10
Statistiche sulle risposte
con Immagini Risposta % Corretto
Associazione Sportiva Roma
100%
Brescia Calcio
92%
Club Atlético de Madrid
92%
Sportklub Sturm Graz
92%
Sporting Clube de Portugal
83%
Real Valladolid Club de Fútbol
78%
En avant de Guingamp
76%
Allmänna Idrottsklubben
67%
Football Club København
51%
Athlītikos Syllogos Omonoia Leukōsias
33%
Nessun quiz corrispondente trovato
Distribuzione punteggi
Percentuale di utenti per punteggio
Percentile per numero di risposta
I tuoi punteggi nel tempo
Non hai fatto questo quiz